| 000 | 00000nam 2200000za 4500 |
| 001 | 9.816846 |
| 003 | CaOODSP |
| 005 | 20221107142336 |
| 007 | cr ||||||||||| |
| 008 | 160504s2016 oncbd ob f000 0 fre d |
| 040 | |aCaOODSP|bfre |
| 043 | |an-cn--- |
| 086 | 1 |aFs70-7/2016-019F-PDF |
| 245 | 00|aRapport de mise à jour sur l'état du stock d'aiguillat commun de l'Atlantique nord-ouest |h[ressource électronique]. |
| 260 | |a[Ottawa] : |bPêches et Océans Canada, |c2016. |
| 300 | |a11 p. : |bill. |
| 490 | 1 |aSecrétariat canadien de consultation scientifique - réponse des sciences, |x1919-3815 ; |v2016/019, Région des Maritimes |
| 500 | |aPublié aussi en anglais sous le titre : Northwest Atlantic spiny dogfish stock status update report. |
| 500 | |a« Avril 2016. » |
| 504 | |aComprend des références bibliographiques (p. 10). |
| 692 | 07|2gccst|aRessources halieutiques |
| 692 | 07|2gccst|aPoisson de mer |
| 692 | 07|2gccst|aZone de pêche |
| 692 | 07|2gccst|aGestion des pêches |
| 710 | 1 |aCanada. |bMinistère des pêches et des océans. |
| 710 | 2 |aSecrétariat canadien de consultation scientifique. |
| 775 | 08|tNorthwest Atlantic spiny dogfish stock status update report |w(CaOODSP)9.816843 |
| 830 | #0|aRéponse des sciences (Secrétariat canadien de consultation scientifique)|x1919-3815 ; |v2016/019, Région des Maritimes|w(CaOODSP)9.502630 |
| 856 | 40|qPDF|s362 Ko|uhttps://publications.gc.ca/collections/collection_2016/mpo-dfo/Fs70-7-2016-019-fra.pdf |